000
00285nam a22001337a 4500
008
170207b xxu||||| |||| 00| 0 eng d
020
_a
0517347954
041
_a
eng
080
_a
61
100
_a
4
101
_a
SHM
245
_a
THE POWER FOR HEALTH
_c
TAO TE CHING
942
_2
udc
_c
BK
999
_c
4792
_d
4792